Indicatif téléphonique par pays - Statistiques

Statistiques générales
  • Ce quiz a été pris 98 fois
  • Le résultat moyen est 61 sur 196
Statistiques - réponses
Pays Indicatif % Correct
France 33
95%
Espagne 34
91%
Kazakhstan | Russie 7
82%
Belgique 32
80%
Royaume-Uni 44
79%
Hongrie 36
78%
Grèce 30
76%
Suisse 41
76%
Pays-Bas 31
75%
Italie 39
75%
Autriche 43
74%
Danemark 45
74%
Chili 56
74%
Indonésie 62
74%
Canada | République dominicaine | États-Unis 11
72%
Afrique du Sud 27
72%
Pologne 48
72%
Allemagne 49
72%
Philippines 63
72%
Nouvelle-Zélande 64
72%
Roumanie 40
71%
Suède 46
71%
Norvège 47
71%
Australie 61
71%
Singapour 65
71%
Mexique 52
70%
Cuba 53
70%
Argentine 54
70%
Colombie 57
70%
Égypte 20
68%
Brésil 55
68%
Malaisie 60
68%
Pérou 51
67%
Venezuela 58
67%
Thaïlande 66
66%
Corée du Sud 82
66%
Chine 86
66%
Inde 91
66%
Afghanistan 93
66%
Sri Lanka 94
64%
Myanmar 95
64%
Iran 98
64%
Japon 81
63%
Pakistan 92
63%
Viêt Nam 84
61%
Turquie 90
59%
Maroc 212
42%
Algérie 213
41%
Burkina Faso 226
39%
République centrafricaine 236
37%
Ouganda 256
37%
Mauritanie 222
36%
Côte d'Ivoire 225
36%
Niger 227
36%
Bénin 229
36%
Nigeria 234
36%
Cap-Vert 238
36%
Gabon 241
36%
République démocratique du Congo 243
36%
Éthiopie 251
36%
Guinée 224
34%
Togo 228
34%
Tchad 235
34%
Cameroun 237
34%
Soudan 249
34%
Kenya 254
34%
Mozambique 258
34%
Malawi 265
34%
Botswana 267
34%
Eswatini 268
34%
Comores 269
34%
Tunisie 216
33%
Sénégal 221
33%
Mali 223
33%
Angola 244
33%
Guinée-Bissau 245
33%
Seychelles 248
33%
Djibouti 253
33%
Madagascar 261
33%
Namibie 264
33%
Liberia 231
32%
Sao Tomé-et-Principe 239
32%
République du Congo 242
32%
Somalie 252
32%
Burundi 257
32%
Zimbabwe 263
32%
Sierra Leone 232
30%
Rwanda 250
30%
Ghana 233
29%
Tanzanie 255
29%
Zambie 260
29%
Libye 218
28%
Gambie 220
28%
Île Maurice 230
28%
Guinée équatoriale 240
28%
Lesotho 266
28%
Soudan du Sud 211
24%
Tonga 676
22%
Irlande 353
21%
Portugal 351
20%
Kosovo 383
20%
Biélorussie 375
18%
Andorre 376
18%
Luxembourg 352
17%
Malte 356
17%
Arménie 374
17%
Kiribati 686
17%
Islande 354
16%
Albanie 355
16%
Bulgarie 359
16%
Lettonie 371
16%
Estonie 372
16%
Moldavie 373
16%
Monaco 377
16%
Bosnie-Herzégovine 387
16%
Érythrée 291
14%
Chypre 357
14%
Finlande 358
14%
Saint-Marin 378
14%
Monténégro 382
14%
Croatie 385
14%
Belize 501
14%
Vatican 379
13%
Serbie 381
13%
Macédoine du Nord 389
13%
Slovénie 386
12%
Liechtenstein 423
12%
Costa Rica 506
12%
Brunei 673
12%
Lituanie 370
11%
Ukraine 380
11%
Guatemala 502
11%
Honduras 504
11%
Nicaragua 505
11%
Panama 507
11%
Haïti 509
11%
Nauru 674
11%
Papouasie-Nouvelle-Guinée 675
11%
Fidji 679
11%
Bahreïn 973
11%
Bhoutan 975
11%
Kirghizistan 996
11%
Slovaquie 421
9%
Salvador 503
9%
Bolivie 591
9%
Îles Salomon 677
9%
Palaos 680
9%
Îles Marshall 692
9%
Corée du Nord 850
9%
Émirats arabes unis 971
9%
Israël 972
9%
Mongolie 976
9%
Azerbaïdjan 994
9%
Géorgie 995
9%
Tchéquie 420
8%
Uruguay 598
8%
Vanuatu 678
8%
Samoa 685
8%
Tuvalu 688
8%
Micronésie 691
8%
Cambodge 855
8%
Arabie saoudite 966
8%
Qatar 974
8%
Népal 977
8%
Tadjikistan 992
8%
Turkménistan 993
8%
Ouzbékistan 998
8%
Guyana 592
7%
Équateur 593
7%
Paraguay 595
7%
Bahamas 1242
5%
Barbade 1246
5%
Antigua-et-Barbuda 1268
5%
Suriname 597
5%
Bangladesh 880
5%
Liban 961
5%
Syrie 963
5%
Dominique 1767
4%
Timor oriental 670
4%
Laos 856
4%
Taïwan 886
4%
Jordanie 962
4%
Irak 964
4%
Koweït 965
4%
Yémen 967
4%
Oman 968
4%
Grenade 1473
3%
Jamaïque 1876
3%
Maldives 960
3%
Sainte-Lucie 1758
1%
Trinité-et-Tobago 1868
1%
Saint-Christophe-et-Niévès 1869
1%
Saint-Vincent-et-les-Grenadines 1784
0%
Aucun quiz correspondant
Distribution des résultats
% des personnes avec chaque résultat
Percentile par nombre de réponses
Votre historique - résultats
Vous n’avez pas pris ce quiz